Welcome to CU Library Online Public Access Catalogue (OPAC)

Elementary statistics in social research / (Record no. 9524)

MARC details
000 -LEADER
fixed length control field 00775cam a2200253 a 4500
001 - CONTROL NUMBER
control field 15579718
005 - DATE AND TIME OF LATEST TRANSACTION
control field 20260422155001.0
008 - FIXED-LENGTH DATA ELEMENTS--GENERAL INFORMATION
fixed length control field 090108s2010 maua 001 0 eng
020 ## - INTERNATIONAL STANDARD BOOK NUMBER
International Standard Book Number 9780205570690
020 ## - INTERNATIONAL STANDARD BOOK NUMBER
International Standard Book Number 0205570690
050 00 - LIBRARY OF CONGRESS CALL NUMBER
Classification number HA29
Item number .L388 2010
082 00 - DEWEY DECIMAL CLASSIFICATION NUMBER
Classification number 519.5024/3
Edition information 22
100 1# - MAIN ENTRY--PERSONAL NAME
Personal name Levin, Jack,
Dates associated with a name 1941-
245 10 - TITLE STATEMENT
Title Elementary statistics in social research /
Statement of responsibility, etc. Jack Levin, James Alan Fox, David R. Forde.
250 ## - EDITION STATEMENT
Edition statement 11th ed.
260 ## - PUBLICATION, DISTRIBUTION, ETC.
Place of publication, distribution, etc. Boston :
Name of publisher, distributor, etc. Allyn & Bacon Pearson,
Date of publication, distribution, etc. c2010.
300 ## - PHYSICAL DESCRIPTION
Extent xiv, 554 p. :
Other physical details ill. ;
Dimensions 24 cm.
500 ## - GENERAL NOTE
General note Includes index.
650 #0 - SUBJECT ADDED ENTRY--TOPICAL TERM
Topical term or geographic name entry element Social sciences
General subdivision Statistical methods.
650 #0 - SUBJECT ADDED ENTRY--TOPICAL TERM
Topical term or geographic name entry element Statistics.
700 1# - ADDED ENTRY--PERSONAL NAME
Personal name Fox, James Alan.
700 1# - ADDED ENTRY--PERSONAL NAME
Personal name Forde, David R.
Fuller form of name (David Robert),
Dates associated with a name 1959-
942 ## - ADDED ENTRY ELEMENTS (KOHA)
Source of classification or shelving scheme Library of Congress Classification
Koha item type Books
Suppress in OPAC No
999 ## -
-- 9524
-- 9524
Holdings
Withdrawn status Lost status Source of classification or shelving scheme Damaged status Not for loan Collection Home library Current library Shelving location Date acquired Total checkouts Full call number Barcode Date last seen Price effective from Koha item type
    Library of Congress Classification     Non-fiction Main Library (Kumasi) Main Library (Kumasi) General stacks 04/22/2026   HA29.L388 LEV bssk00000182 04/22/2026 04/22/2026 Books
© 2023-2024 Copyright: Central University Libraries. All Rights Reserved | Created by: Mahone Tech Office